[Event "24.Schlosspark-Open"]
[Site "Wiesbaden-Biebrich"]
[Date "2012.08.24"]
[Round "2.1"]
[White "Sarközy, Benjamin"]
[Black "Korneev, Oleg"]
[Result "0-1"]
[WhiteElo "2075"]
[BlackElo "2581"]
[PlyCount "54"]
[EventDate "2012.??.??"]
[WhiteTeam "SC Flörsheim 1921"]
[BlackTeam "vereinslos"]

1. e4 e5 2. Nf3 Nc6 3. d4 exd4 4. Bc4 Bc5 5. c3 Nf6 6. cxd4 Bb4+ 7. Bd2 Bxd2+
8. Nbxd2 d5 9. exd5 Nxd5 10. Qb3 Nce7 11. O-O O-O 12. Rfe1 c6 13. Ne4 Qb6 14.
Qa3 a5 15. Qd6 Qb4 16. Bxd5 Nxd5 17. Qe5 Bg4 18. Neg5 Bxf3 19. Nxf3 Rfd8 20.
Re4 Nf6 21. Rae1 Nxe4 22. Qxe4 f6 23. Qe6+ Kf8 24. a3 Qd6 25. Qf5 Kg8 26. Re6
Qd5 27. Qg4 f5 0-1

[Event "24.Schlosspark-Open"]
[Site "Wiesbaden-Biebrich"]
[Date "2012.08.24"]
[Round "2.2"]
[White "Levin, Felix"]
[Black "Sandten, Ulrich"]
[Result "1-0"]
[WhiteElo "2510"]
[BlackElo "2082"]
[PlyCount "51"]
[EventDate "2012.??.??"]
[WhiteTeam "SV Mülheim-Nord 1931 e"]
[BlackTeam "SF Vonkeln 1931"]

1. Nf3 d5 2. c4 dxc4 3. Qa4+ c6 4. Qxc4 Nd7 5. d4 Ngf6 6. Nc3 g6 7. e4 Bg7 8.
e5 Nb6 9. exf6 Nxc4 10. fxg7 Rg8 11. Bxc4 e6 12. Bh6 f6 13. O-O-O Kf7 14. g4
Qc7 15. Kb1 b5 16. Bb3 a5 17. Ne4 a4 18. Bc2 e5 19. dxe5 Bxg4 20. Nd6+ Ke7 21.
exf6+ Kxf6 22. Ne4+ Ke7 23. Rhe1 Bf5 24. Neg5+ Kf6 25. Nxh7+ Kf7 26. Nfg5# 1-0

[Event "24.Schlosspark-Open"]
[Site "Wiesbaden-Biebrich"]
[Date "2012.08.24"]
[Round "2.3"]
[White "Giese, Tilman"]
[Black "Meijers, Viesturs"]
[Result "0-1"]
[WhiteElo "2067"]
[BlackElo "2492"]
[PlyCount "84"]
[EventDate "2012.??.??"]
[WhiteTeam "SC Turm Illingen"]
[BlackTeam "ESV Nickelhütte Aue"]

1. c4 e6 2. Nc3 Bb4 3. Nf3 b6 4. g3 Bb7 5. Bg2 Nf6 6. O-O O-O 7. d3 d5 8. cxd5
Nxd5 9. Bd2 Be7 10. Nxd5 Bxd5 11. Qc2 c5 12. Rfd1 Nd7 13. a3 a5 14. a4 Rc8 15.
Bc3 Qc7 16. Rac1 Rfd8 17. b3 e5 18. Nd2 Bxg2 19. Kxg2 h5 20. Nc4 h4 21. e4 Qb8
22. Qb2 Bf6 23. Rc2 Rc6 24. Ne3 Bg5 25. Nd5 Re8 26. Rf1 Rg6 27. Kh1 Nf6 28.
Nxf6+ Bxf6 29. Rg1 Qc8 30. Qb1 Rd8 31. Rd2 Qe6 32. Rdd1 Qg4 33. Kg2 h3+ 34. Kf1
Bg5 35. Bxe5 Re6 36. Bf4 Rxe4 37. Qc2 Rb4 38. Bxg5 Qxg5 39. f3 Qd5 40. Kf2 Rxb3
41. Rge1 Qd4+ 42. Re3 Rb2 0-1

[Event "24.Schlosspark-Open"]
[Site "Wiesbaden-Biebrich"]
[Date "2012.08.24"]
[Round "2.4"]
[White "Poetsch, Hagen"]
[Black "Neurohr, Jürgen"]
[Result "1-0"]
[WhiteElo "2462"]
[BlackElo "2068"]
[PlyCount "41"]
[EventDate "2012.??.??"]
[WhiteTeam "Wiesbadener SV 1885"]
[BlackTeam "Sfr.Mainz 1928"]

1. e4 e6 2. d4 d5 3. Nc3 Bb4 4. Bd3 dxe4 5. Bxe4 Nf6 6. Bf3 c6 7. Nge2 O-O 8.
O-O Bd6 9. Bg5 Nbd7 10. Ne4 Be7 11. N4g3 e5 12. Nf5 h6 13. Bh4 e4 14. Bxe4 g5
15. Bd3 gxh4 16. Qd2 Re8 17. Nxh6+ Kf8 18. Qg5 Nb6 19. Nf4 Bd6 20. Nh5 Nxh5 21.
Qg8+ 1-0

[Event "24.Schlosspark-Open"]
[Site "Wiesbaden-Biebrich"]
[Date "2012.08.24"]
[Round "2.5"]
[White "Syed, Tareq"]
[Black "Boidman, Yuri"]
[Result "0-1"]
[WhiteElo "2064"]
[BlackElo "2427"]
[PlyCount "52"]
[EventDate "2012.??.??"]
[WhiteTeam "SC Brett vor'm Kopp Ffm"]
[BlackTeam "SC Heimbach-Weis/Neuwied"]

1. e4 d5 2. d3 Nf6 3. e5 Ng8 4. h3 c5 5. Nf3 Nc6 6. c3 e6 7. Bf4 Nge7 8. g4 h5
9. Bg2 Ng6 10. Bg3 Be7 11. Na3 a6 12. Qe2 hxg4 13. hxg4 Rxh1+ 14. Bxh1 b5 15.
Nc2 Rb8 16. Qe3 Bd7 17. Nd2 c4 18. d4 b4 19. f4 bxc3 20. bxc3 Rb2 21. Kd1 Na5
22. Kc1 Rxc2+ 23. Kxc2 Ba4+ 24. Nb3 Qb6 25. Kd2 cxb3 26. Ke1 b2 0-1

[Event "24.Schlosspark-Open"]
[Site "Wiesbaden-Biebrich"]
[Date "2012.08.24"]
[Round "2.6"]
[White "Müller, Ralf"]
[Black "Feicht, Arno"]
[Result "1-0"]
[WhiteElo "2414"]
[BlackElo "2064"]
[PlyCount "107"]
[EventDate "2012.??.??"]
[WhiteTeam "SG Stern Stuttgart"]
[BlackTeam "Sfr. Anderssen Wetzlar"]

1. d4 e6 2. e4 d5 3. Nd2 Nf6 4. e5 Nfd7 5. Bd3 c5 6. c3 Nc6 7. Ne2 cxd4 8. cxd4
Qb6 9. Nf3 f6 10. exf6 Nxf6 11. O-O Bd6 12. Nc3 O-O 13. Be3 Bd7 14. Rc1 Be8 15.
Qd2 Bh5 16. Ne5 Rac8 17. Rfe1 a6 18. h3 Qd8 19. f4 Be8 20. g4 b5 21. Bf2 Bb8
22. Qe3 Qb6 23. Ne2 Rc7 24. Rc5 Nxe5 25. dxe5 Nd7 26. Rxc7 Qxc7 27. Rc1 Qb7 28.
h4 Bf7 29. Rc2 Rc8 30. Qc1 Rxc2 31. Qxc2 Nf8 32. h5 Ba7 33. b4 h6 34. Bxa7
Qxa7+ 35. Qc5 Qxc5+ 36. bxc5 Nd7 37. c6 Nb6 38. Nd4 Kf8 39. Nb3 Be8 40. c7 Bd7
41. Nc5 Bc8 42. f5 Na8 43. a4 Nxc7 44. a5 Ke7 45. Kf2 Bd7 46. Ke3 Be8 47. Kd4
Bd7 48. Nxd7 Kxd7 49. Kc5 Na8 50. g5 hxg5 51. f6 Ke8 52. fxg7 Kf7 53. h6 Nc7
54. Bh7 1-0

[Event "24.Schlosspark-Open"]
[Site "Wiesbaden-Biebrich"]
[Date "2012.08.24"]
[Round "2.7"]
[White "Seidel, Jürgen"]
[Black "Geske, Julian"]
[Result "0-1"]
[WhiteElo "2059"]
[BlackElo "2391"]
[PlyCount "94"]
[EventDate "2012.??.??"]
[WhiteTeam "SV 1920 Hofheim"]
[BlackTeam "Wiesbadener SV 1885"]

1. d4 d5 2. Nf3 c6 3. Bf4 Bf5 4. e3 e6 5. c3 Be7 6. Be2 h6 7. Nbd2 Nf6 8. h3
Nbd7 9. Ne5 c5 10. Qa4 O-O 11. Bd3 Bxd3 12. Nxd3 Qb6 13. Rb1 Rfc8 14. O-O a6
15. Rfc1 Qa7 16. Qd1 a5 17. Ne5 b5 18. Qe2 Qb7 19. Ndf3 Nf8 20. dxc5 Bxc5 21.
Nd4 b4 22. a4 bxa3 23. bxa3 Qe7 24. a4 Ne4 25. Nb5 f6 26. Nd3 e5 27. Bh2 Ba7
28. Qa2 Qe6 29. Kh1 Kh8 30. Bg1 Bb8 31. Bh2 Nd7 32. f3 Ng5 33. h4 Nf7 34. e4
Nb6 35. exd5 Nxd5 36. Bg1 Rd8 37. c4 Ne7 38. Qe2 f5 39. Nf4 Qf6 40. Nh3 Qxh4
41. Bc5 e4 42. fxe4 Qg3 43. Kg1 Qe5 44. Bb6 Rf8 45. Nf2 Ng5 46. Qh5 fxe4 47.
Ng4 Nf3+ 0-1

[Event "24.Schlosspark-Open"]
[Site "Wiesbaden-Biebrich"]
[Date "2012.08.24"]
[Round "2.8"]
[White "Gawehns, Klaus"]
[Black "Diehm, Alexander"]
[Result "1-0"]
[WhiteElo "2378"]
[BlackElo "2059"]
[PlyCount "51"]
[EventDate "2012.??.??"]
[WhiteTeam "SG Rheinbreitbach-Linz"]
[BlackTeam "SC FK Babenhausen 1994"]

1. e4 c5 2. c3 d5 3. exd5 Qxd5 4. d4 Nf6 5. Nf3 Nc6 6. Be2 e6 7. O-O Be7 8. c4
Qd8 9. dxc5 O-O 10. a3 Bxc5 11. b4 Be7 12. Bb2 b6 13. Qc2 Bb7 14. Nc3 Nd4 15.
Nxd4 Qxd4 16. Nd5 Qh4 17. Nxe7+ Kh8 18. b5 Ng4 19. h3 Nxf2 20. Rxf2 Qxe7 21.
Rd1 Rac8 22. Bf3 Bxf3 23. Rxf3 Qc5+ 24. Kh1 Qxc4 25. Qxc4 Rxc4 26. Rxf7 1-0

[Event "24.Schlosspark-Open"]
[Site "Wiesbaden-Biebrich"]
[Date "2012.08.24"]
[Round "2.9"]
[White "Baskin, Robert"]
[Black "Carlstedt, Jonathan"]
[Result "0-1"]
[WhiteElo "2055"]
[BlackElo "2352"]
[PlyCount "134"]
[EventDate "2012.??.??"]
[WhiteTeam "SAbt TuS Makkabi Ffm"]
[BlackTeam "Wiesbadener SV 1885"]

1. e4 e6 2. d4 d5 3. Nc3 Nf6 4. e5 Nfd7 5. f4 c5 6. Nf3 a6 7. Be3 Qb6 8. Na4
Qa5+ 9. c3 cxd4 10. b4 Qc7 11. Qxd4 Nc6 12. Qd2 Be7 13. Be2 b5 14. Nb2 a5 15.
Nd3 f6 16. Nd4 Nxd4 17. Bxd4 O-O 18. O-O f5 19. Qe3 Rb8 20. a4 bxa4 21. Rxa4
Nb6 22. Bxb6 Rxb6 23. Rxa5 Rc6 24. Ra7 Bb7 25. Rc1 Rc8 26. Bf3 Qb8 27. b5 Rc5
28. b6 Rxc3 29. Rxc3 Rxc3 30. Qd4 Rc6 31. Ra4 Bd8 32. Rb4 Bc8 33. b7 Bd7 34.
Bxd5 Rc7 35. Bf3 Be7 36. Rc4 Rxb7 37. Bxb7 Qxb7 38. Rc1 Bc6 39. Qc4 Qa7+ 40.
Kh1 Bd5 41. Qc8+ Kf7 42. Nb4 Be4 43. Nc6 Qf2 44. Rg1 Bc5 45. Qd7+ Kg6 46. Ne7+
Kh5 47. Qd1+ Kh6 48. Nc8 Qxf4 49. Rf1 Qxe5 50. Qd2+ g5 51. Rd1 Qf4 52. Nd6
Bxg2+ 53. Qxg2 Bxd6 54. Qe2 Kg7 55. Rf1 Qe5 56. Qg2 Kf6 57. Rd1 g4 58. Qf2 Bc5
59. Qg2 Bd6 60. Qf2 Qe4+ 61. Kg1 Qf4 62. Qb2+ Kg6 63. Qe2 Kg5 64. Qg2 Bc5+ 65.
Kh1 Qf3 66. Rd7 Kf4 67. Rd2 e5 0-1

[Event "24.Schlosspark-Open"]
[Site "Wiesbaden-Biebrich"]
[Date "2012.08.24"]
[Round "2.10"]
[White "Schröder, Jan-Christian"]
[Black "Stiefel, Roland"]
[Result "1-0"]
[WhiteElo "2332"]
[BlackElo "2059"]
[PlyCount "59"]
[EventDate "2012.??.??"]
[WhiteTeam "SV 1920 Hofheim"]
[BlackTeam "SSV Vimaria 91 Weimar"]

1. e4 c5 2. Nf3 a6 3. Nc3 b5 4. d4 cxd4 5. Nxd4 e6 6. Bd3 Bb7 7. O-O Bc5 8. Nb3
Bb6 9. Qe2 d6 10. a4 b4 11. Na2 a5 12. c3 Nc6 13. Bb5 bxc3 14. Nxc3 Nge7 15.
Rd1 O-O 16. Bf4 Nc8 17. Rac1 Nb4 18. Be3 Bxe3 19. Qxe3 Qe7 20. Qd4 Qg5 21. Nxa5
Rxa5 22. Qxb4 Ra8 23. Bd7 Ba6 24. Bc6 Ra7 25. Nb5 Bxb5 26. axb5 Ra2 27. b6 Qa5
28. Qxa5 Rxa5 29. b4 Ra6 30. Bb7 1-0

[Event "24.Schlosspark-Open"]
[Site "Wiesbaden-Biebrich"]
[Date "2012.08.24"]
[Round "2.11"]
[White "Reinert, Stéphane"]
[Black "Junesch, Gerhard"]
[Result "0-1"]
[WhiteElo "2050"]
[BlackElo "2291"]
[PlyCount "76"]
[EventDate "2012.??.??"]
[WhiteTeam "SC Bad Nauheim"]
[BlackTeam "SC Erdmannhausen"]

1. e4 c6 2. Nc3 d5 3. Qf3 dxe4 4. Nxe4 Nd7 5. d4 Ndf6 6. Bd3 Qxd4 7. Ne2 Qd8 8.
Bf4 Bg4 9. Qg3 Bxe2 10. Nxf6+ Nxf6 11. Bxe2 Qa5+ 12. c3 Nh5 13. Bxh5 Qxh5 14.
O-O Qg6 15. Qe3 Qe6 16. Qxe6 fxe6 17. Rfe1 Kf7 18. Rad1 Rg8 19. Rd7 g5 20. Bg3
b6 21. Rc7 c5 22. Rd1 Bg7 23. Rdd7 Bf6 24. Kf1 Rgd8 25. Ke2 Rxd7 26. Rxd7 b5
27. Rc7 c4 28. a4 a6 29. Rc5 h5 30. axb5 axb5 31. Rxb5 Ra1 32. Bc7 Rb1 33. Rb4
h4 34. Kd2 g4 35. Kc2 Rg1 36. Rxc4 Rxg2 37. Rf4 g3 38. hxg3 h3 0-1

[Event "24.Schlosspark-Open"]
[Site "Wiesbaden-Biebrich"]
[Date "2012.08.24"]
[Round "2.12"]
[White "Jahnel, Günther"]
[Black "Scharrer, Udo"]
[Result "1-0"]
[WhiteElo "2282"]
[BlackElo "2054"]
[PlyCount "81"]
[EventDate "2012.??.??"]
[WhiteTeam "FVS ASP Hoyerswerda"]
[BlackTeam "SG Stern Stuttgart"]

1. d4 Nf6 2. c4 g6 3. Nc3 Bg7 4. e4 d6 5. Be2 O-O 6. Nf3 e5 7. Be3 Ng4 8. Bg5
f6 9. Bh4 Nh6 10. dxe5 dxe5 11. Qxd8 Rxd8 12. Nd5 g5 13. Nxc7 gxh4 14. Nxa8 Na6
15. c5 Nxc5 16. Nc7 Nxe4 17. Nxh4 Bf8 18. O-O Bc5 19. Rac1 Bd4 20. Rc2 a6 21.
h3 Nf7 22. Nf3 Ba7 23. Nd5 Be6 24. Nc3 Ng3 25. Re1 e4 26. Bd1 f5 27. Kh2 Nh5
28. g4 Nf4 29. gxf5 Bxf5 30. Nh4 Bb8 31. Kh1 Bxh3 32. Nxe4 Kf8 33. f3 Nd3 34.
Rg1 Bf4 35. Be2 Nde5 36. Rd1 Ke7 37. Rc7+ Nd7 38. Rxb7 Nfe5 39. Nc5 Be6 40.
Nxd7 Nxd7 41. Bxa6 1-0

[Event "24.Schlosspark-Open"]
[Site "Wiesbaden-Biebrich"]
[Date "2012.08.24"]
[Round "2.13"]
[White "Kolker, Vladislav"]
[Black "Krenz, Valeriy"]
[Result "0-1"]
[WhiteElo "2028"]
[BlackElo "2261"]
[PlyCount "60"]
[EventDate "2012.??.??"]
[WhiteTeam "SC Bad Nauheim"]
[BlackTeam "SAbt TuS Dotzheim"]

1. e4 Nf6 2. d3 d5 3. Nd2 e5 4. Ngf3 Nc6 5. g3 Bc5 6. Bg2 dxe4 7. dxe4 O-O 8.
O-O a5 9. c3 b6 10. h3 a4 11. Re1 Qe7 12. Nf1 Rd8 13. Bd2 Qe6 14. Nh4 Ba6 15.
b4 Bf8 16. Nf5 Bc4 17. a3 Bd3 18. g4 Rd7 19. Qc1 Rad8 20. Bg5 h6 21. Bxf6 Qxf6
22. N1g3 Ne7 23. Bf1 Bxf1 24. Kxf1 Ng6 25. Nh5 Qc6 26. Ra2 Qc4+ 27. Rae2 Rd3
28. Kg2 Rxc3 29. Qb2 Nf4+ 30. Nxf4 exf4 0-1

[Event "24.Schlosspark-Open"]
[Site "Wiesbaden-Biebrich"]
[Date "2012.08.24"]
[Round "2.14"]
[White "Kayser, Felix"]
[Black "Zeyer, Oliver"]
[Result "0-1"]
[WhiteElo "2220"]
[BlackElo "1976"]
[PlyCount "67"]
[EventDate "2012.??.??"]
[WhiteTeam "Wiesbadener SV 1885"]
[BlackTeam "SF HN-Biberach 1978 e.V."]

1. e4 c5 2. Nc3 g6 3. f4 Bg7 4. Nf3 Nc6 5. Bb5 Nd4 6. O-O Nxb5 7. Nxb5 d5 8.
exd5 a6 9. Nc3 Nf6 10. d4 Nxd5 11. dxc5 Nxc3 12. Qxd8+ Kxd8 13. bxc3 Bxc3 14.
Rb1 Kc7 15. Rb3 Bf6 16. Bd2 a5 17. Rb5 a4 18. Rfb1 Ra6 19. a3 Re8 20. Kf2 Kc6
21. Be3 Rd8 22. h3 Bf5 23. Rxb7 Bxc2 24. R1b4 Bc3 25. R4b6+ Rxb6 26. Rxb6+ Kc7
27. f5 Bxf5 28. Bf4+ Kd7 29. c6+ Ke8 30. Ra6 Rc8 31. c7 Bd7 32. Ne5 Bb5 33. Rb6
Bd4+ 34. Be3 0-1

[Event "24.Schlosspark-Open"]
[Site "Wiesbaden-Biebrich"]
[Date "2012.08.24"]
[Round "2.15"]
[White "Marzahn, Heiko"]
[Black "Nagel, Bernhard"]
[Result "0-1"]
[WhiteElo "2025"]
[BlackElo "2223"]
[PlyCount "82"]
[EventDate "2012.??.??"]
[WhiteTeam "Sfr.Erbach"]
[BlackTeam "Wiesbadener SV 1885"]

1. e4 c5 2. Nf3 e6 3. d4 cxd4 4. Nxd4 Nc6 5. Nxc6 bxc6 6. Bd3 d5 7. O-O Nf6 8.
Nd2 Be7 9. b3 O-O 10. Bb2 Nd7 11. Qg4 Bf6 12. e5 Bxe5 13. Bxh7+ Kxh7 14. Qh5+
Kg8 15. Bxe5 Nxe5 16. Qxe5 f6 17. Qc3 Qb6 18. b4 e5 19. Nb3 Bf5 20. Rfe1 Rfe8
21. Nc5 a5 22. a3 axb4 23. axb4 Reb8 24. Rxa8 Rxa8 25. Qb3 Qb5 26. f3 Rb8 27.
Rb1 Qe2 28. Nd3 Qd2 29. Kf1 e4 30. fxe4 Bxe4 31. Ne1 g5 32. Rb2 Qf4+ 33. Kg1
Kg7 34. Ra2 Bg6 35. Ra7+ Bf7 36. Ra4 Re8 37. Nd3 Qe3+ 38. Kf1 Qe2+ 39. Kg1 Qd1+
40. Kf2 Re2+ 41. Kg3 Qf1 0-1

[Event "24.Schlosspark-Open"]
[Site "Wiesbaden-Biebrich"]
[Date "2012.08.24"]
[Round "2.16"]
[White "Minor, Samuel"]
[Black "Seifert, Norbert"]
[Result "1-0"]
[WhiteElo "2222"]
[BlackElo "2028"]
[PlyCount "69"]
[EventDate "2012.??.??"]
[WhiteTeam "Wiesbadener SV 1885"]
[BlackTeam "Sfr. Neuberg"]

1. e4 c5 2. Nf3 e6 3. d3 Nc6 4. g3 g6 5. Bg2 Bg7 6. Nc3 a6 7. Be3 Nd4 8. Qd2
Rb8 9. Nd1 d6 10. c3 Nxf3+ 11. Bxf3 b5 12. d4 c4 13. a4 Bb7 14. d5 exd5 15.
exd5 Ne7 16. Bd4 O-O 17. Bxg7 Kxg7 18. Qd4+ Kg8 19. Ne3 Bc8 20. axb5 axb5 21.
Qf6 Nf5 22. Qxd8 Rxd8 23. Nc2 Bb7 24. Ra5 Ba8 25. Kd2 Rb6 26. Nb4 Ne7 27. Re1
Kf8 28. Ra7 Rb7 29. Ra6 Rbb8 30. Rea1 Nf5 31. Ra7 Ke8 32. Nc6 Bxc6 33. dxc6 Rb6
34. Bd5 Ne7 35. Re1 1-0

[Event "24.Schlosspark-Open"]
[Site "Wiesbaden-Biebrich"]
[Date "2012.08.24"]
[Round "2.17"]
[White "Eg, Karlheinz"]
[Black "Kiese, Matth"]
[Result "0-1"]
[WhiteElo "2025"]
[BlackElo "2220"]
[PlyCount "58"]
[EventDate "2012.??.??"]
[WhiteTeam "SV Rüsselsheim 1929"]
[BlackTeam "Bochumer SV 02"]

1. e4 c5 2. Nf3 d6 3. d4 cxd4 4. Nxd4 Nf6 5. Nc3 a6 6. Bc4 e6 7. Bb3 b5 8. a3
Be7 9. O-O O-O 10. Kh1 Bb7 11. Qe2 Nbd7 12. Bxe6 fxe6 13. Nxe6 Qc8 14. Nxf8
Bxf8 15. Bg5 Qc5 16. Be3 Qc6 17. f3 d5 18. exd5 Nxd5 19. Bd4 N5f6 20. Rad1 Re8
21. Qd2 Ne5 22. Bxe5 Rxe5 23. Qf4 Bd6 24. Qd2 Bc7 25. Rfe1 Rh5 26. h3 Rxh3+ 27.
gxh3 Qxf3+ 28. Kg1 Qg3+ 29. Kf1 Qxh3+ 0-1

[Event "24.Schlosspark-Open"]
[Site "Wiesbaden-Biebrich"]
[Date "2012.08.24"]
[Round "2.18"]
[White "Chandler, Patrick"]
[Black "Gentner, Markus"]
[Result "1-0"]
[WhiteElo "2218"]
[BlackElo "2026"]
[PlyCount "95"]
[EventDate "2012.??.??"]
[WhiteTeam "Sfr. Schöneck"]
[BlackTeam "SC Murrhardt 1948 e.V."]

1. e4 c6 2. d4 d5 3. e5 c5 4. c3 Nc6 5. Nf3 Bg4 6. Nbd2 e6 7. Qa4 Qc7 8. Bb5
Nh6 9. O-O Be7 10. dxc5 Bxf3 11. Nxf3 Bxc5 12. Bxh6 gxh6 13. Qh4 Bf8 14. c4
dxc4 15. Rac1 Bg7 16. Rxc4 O-O 17. Qe4 Qb6 18. Ba4 Qxb2 19. Bc2 Rfd8 20. Qxh7+
Kf8 21. Rg4 Bxe5 22. Nxe5 Qxe5 23. Qxh6+ Ke7 24. Qh4+ Qf6 25. Qg3 Qe5 26. Rf4
Rg8 27. Qa3+ Ke8 28. Re4 Qg5 29. g3 Rd8 30. Ba4 Qd5 31. Rfe1 Rd7 32. R4e3 Rg7
33. Bb3 Qa5 34. Qb2 Nd4 35. Bd1 Rg5 36. h4 Rb5 37. Qa3 Qd2 38. Ba4 Rb2 39.
Bxd7+ Kxd7 40. Rf1 Ne2+ 41. Kg2 Qd5+ 42. Kh2 Rxa2 43. Qb3 Qxb3 44. Rxb3 Kc6 45.
h5 Nd4 46. Rc3+ Kd7 47. h6 Ra5 48. g4 1-0

[Event "24.Schlosspark-Open"]
[Site "Wiesbaden-Biebrich"]
[Date "2012.08.24"]
[Round "2.19"]
[White "Kobs, Stephan"]
[Black "Seegers, Hendrik"]
[Result "0-1"]
[WhiteElo "2019"]
[BlackElo "2217"]
[PlyCount "56"]
[EventDate "2012.??.??"]
[WhiteTeam "SV Esens"]
[BlackTeam "SF Neuenkirchen"]

1. e4 d5 2. exd5 Nf6 3. c4 c6 4. d4 cxd5 5. Nc3 e6 6. Nf3 Be7 7. cxd5 Nxd5 8.
Bc4 O-O 9. O-O Nxc3 10. bxc3 Qc7 11. Bd3 h6 12. Qe2 Nd7 13. Bd2 Rd8 14. Rfe1
Nf8 15. Ne5 Bd6 16. Qh5 f6 17. Ng4 Bf4 18. Nxf6+ gxf6 19. Qg4+ Bg5 20. f4 e5
21. Qh5 exd4 22. fxg5 dxc3 23. gxf6 cxd2 24. Re7 Qb6+ 25. Kh1 Qxf6 26. Bc4+ Be6
27. Bxe6+ Nxe6 28. Qg4+ Kh8 0-1

[Event "24.Schlosspark-Open"]
[Site "Wiesbaden-Biebrich"]
[Date "2012.08.24"]
[Round "2.20"]
[White "Stabolewski, Andreas"]
[Black "Keil, Roland"]
[Result "1-0"]
[WhiteElo "2214"]
[BlackElo "2024"]
[PlyCount "89"]
[EventDate "2012.??.??"]
[WhiteTeam "vereinslos"]
[BlackTeam "SC Waiblingen 1921"]

1. c4 e5 2. Nc3 Nc6 3. g3 f5 4. Bg2 Nf6 5. e3 d5 6. Nxd5 Nxd5 7. cxd5 Nb4 8. d3
Nxd5 9. Nf3 Bd6 10. O-O Qe7 11. e4 fxe4 12. dxe4 Nf6 13. Nh4 Bc5 14. Qc2 Bb6
15. Nf5 Qf7 16. a4 a5 17. Ra3 O-O 18. Bg5 Kh8 19. Rf3 Be6 20. Rc1 Ng4 21. Be7
Bxf2+ 22. Rxf2 Nxf2 23. Bxf8 Rxf8 24. Qxf2 g6 25. Qc5 gxf5 26. Qxe5+ Qf6 27.
Qxf6+ Rxf6 28. Rxc7 fxe4 29. Bxe4 h6 30. Rxb7 Bc4 31. Rc7 Bb3 32. Rc6 Kg7 33.
Rxf6 Kxf6 34. Bc6 Ke5 35. Kf2 Kd4 36. g4 Kc5 37. Be8 Kb4 38. h4 Bxa4 39. Bxa4
Kxa4 40. g5 hxg5 41. h5 Kb3 42. h6 a4 43. h7 Kxb2 44. h8=Q+ Ka2 45. Qc3 1-0

[Event "24.Schlosspark-Open"]
[Site "Wiesbaden-Biebrich"]
[Date "2012.08.24"]
[Round "2.21"]
[White "Muuss, Klaus"]
[Black "Puschendorf, Steffen"]
[Result "0-1"]
[WhiteElo "2010"]
[BlackElo "2210"]
[PlyCount "50"]
[EventDate "2012.??.??"]
[WhiteTeam "VSF Flintbek"]
[BlackTeam "ESV Gera"]

1. e4 e6 2. d4 d5 3. Nc3 Bb4 4. e5 c5 5. a3 Bxc3+ 6. bxc3 Ne7 7. Qg4 O-O 8. Bd3
Qa5 9. Bd2 f5 10. exf6 Rxf6 11. Bxh7+ Kxh7 12. Qh5+ Kg8 13. Qe8+ Rf8 14. Qxe7
cxd4 15. cxd4 Qa4 16. c3 Nc6 17. Qh4 e5 18. Ne2 Qc4 19. Rc1 Bf5 20. f3 Rae8 21.
Kf2 exd4 22. Nxd4 Nxd4 23. Qxd4 Re2+ 24. Kg3 Qxd4 25. cxd4 Rxd2 0-1

[Event "24.Schlosspark-Open"]
[Site "Wiesbaden-Biebrich"]
[Date "2012.08.24"]
[Round "2.22"]
[White "Dorst, Johannes"]
[Black "Bremer, Vincent"]
[Result "0-1"]
[WhiteElo "2209"]
[BlackElo "2016"]
[PlyCount "74"]
[EventDate "2012.??.??"]
[WhiteTeam "SK Marburg 1931/72"]
[BlackTeam "SC Lerchenberg/ZMO"]

1. e4 e6 2. d4 d5 3. Nc3 Bb4 4. e5 c5 5. a3 cxd4 6. axb4 dxc3 7. bxc3 Qc7 8. f4
Ne7 9. Bd3 g6 10. Ne2 Nbc6 11. Be3 b6 12. O-O O-O 13. Qe1 Nf5 14. Bf2 h5 15.
Bxf5 exf5 16. Bh4 a5 17. b5 Ne7 18. Bf6 Kh7 19. Ng3 Ng8 20. Nxh5 Qc5+ 21. Kh1
Nxf6 22. Nxf6+ Kg7 23. e6 fxe6 24. Nh5+ gxh5 25. Qe5+ Kh6 26. Rf3 Qe7 27. Re1
Ra7 28. Rg3 Rc7 29. Rg5 Rc4 30. g4 hxg4 31. Qe3 Rxf4 32. h4 Re4 33. Qd2 Rxe1+
34. Qxe1 Qf6 35. Qe3 f4 36. Qxb6 Qxc3 37. Qd6 Qe1+ 0-1

[Event "24.Schlosspark-Open"]
[Site "Wiesbaden-Biebrich"]
[Date "2012.08.24"]
[Round "2.23"]
[White "Wüst, Klaus"]
[Black "Tischendorf, Michael"]
[Result "0-1"]
[WhiteElo "2005"]
[BlackElo "2198"]
[PlyCount "80"]
[EventDate "2012.??.??"]
[WhiteTeam "Sfr. Wieseck"]
[BlackTeam "SV 1920 Hofheim"]

1. d4 f5 2. Bg5 c6 3. c3 d5 4. e3 g6 5. Bd3 Bg7 6. Nf3 Nd7 7. Nbd2 Nh6 8. c4
Nf7 9. Qb3 Qa5 10. cxd5 cxd5 11. Rd1 a6 12. O-O Nxg5 13. Nxg5 Nf6 14. e4 h6 15.
e5 hxg5 16. exf6 Bxf6 17. Rfe1 g4 18. Qc3 Qb6 19. Nb3 Qd6 20. g3 Kf7 21. Bb1 b6
22. Qe3 Bd7 23. Nc1 Rh3 24. f4 gxf3 25. Qxf3 Rah8 26. Re2 f4 27. Rde1 Bxd4+ 28.
Kf1 e5 29. Nd3 Bb5 30. a4 e4 31. Qxf4+ Qxf4+ 32. Nxf4 Bxe2+ 33. Rxe2 Rxh2 34.
Rxh2 Rxh2 35. Ba2 Rf2+ 36. Ke1 Rxb2 37. Bxd5+ Kf6 38. Bxe4 g5 39. Ne2 Be5 40.
Bd3 a5 0-1

[Event "24.Schlosspark-Open"]
[Site "Wiesbaden-Biebrich"]
[Date "2012.08.24"]
[Round "2.24"]
[White "Haas, Frank-Martin"]
[Black "Tufa, Mihai"]
[Result "1/2-1/2"]
[WhiteElo "2184"]
[BlackElo "1998"]
[PlyCount "159"]
[EventDate "2012.??.??"]
[WhiteTeam "SV 1947 Walldorf"]
[BlackTeam "Club Sah Diana Galati"]

1. e4 c5 2. c3 Nf6 3. e5 Nd5 4. d4 cxd4 5. Nf3 Nc6 6. cxd4 e6 7. a3 d6 8. Bd3
Qc7 9. O-O dxe5 10. dxe5 Nxe5 11. Nxe5 Qxe5 12. Bb5+ Bd7 13. Bxd7+ Kxd7 14. Re1
Qd6 15. Qf3 Ke8 16. Nd2 Be7 17. Ne4 Qd7 18. Bd2 f5 19. Nc3 Nf6 20. Rad1 Kf7 21.
Qe2 a6 22. Bf4 Qc6 23. Bd6 Qd7 24. Bb4 Qc8 25. Bxe7 Kxe7 26. Nd5+ Nxd5 27. Rxd5
Kf7 28. Rd6 Re8 29. Red1 Re7 30. Qe5 Qc7 31. Qe2 Rae8 32. h4 Kg8 33. Qd3 Rf7
34. Qb3 Rfe7 35. h5 h6 36. g3 Qc8 37. Re1 Kf7 38. Re5 Qc1+ 39. Kg2 Qg5 40. Rb6
Qxh5 41. Rxb7 Qg6 42. Rb6 h5 43. Rxa6 h4 44. Ra4 hxg3 45. fxg3 Rd8 46. Re2 Red7
47. Ra6 Rd3 48. Qxe6+ Qxe6 49. Raxe6 Rb3 50. Re7+ Kg8 51. R7e3 Rdb8 52. Kf3 g5
53. g4 f4 54. Rxb3 Rxb3+ 55. Ke4 Kg7 56. Rc2 Kg6 57. Rc6+ Kg7 58. Rc7+ Kg6 59.
Rc6+ Kg7 60. a4 f3 61. Rc7+ Kg6 62. Rc6+ Kg7 63. Rc2 Kf6 64. Rf2 Ke6 65. a5 Rb5
66. a6 Ra5 67. b4 Rxa6 68. Rxf3 Rb6 69. Rb3 Rb5 70. Kd4 Kd6 71. Kc4 Re5 72.
Rd3+ Kc6 73. Rd4 Kb6 74. Rd6+ Kc7 75. Rg6 Re4+ 76. Kc5 Rxg4 77. Rg7+ Kb8 78. b5
Rf4 79. Kb6 Rf6+ 80. Ka5 1/2-1/2

[Event "24.Schlosspark-Open"]
[Site "Wiesbaden-Biebrich"]
[Date "2012.08.24"]
[Round "2.25"]
[White "Bauer, Claus"]
[Black "Klein, Maximilian"]
[Result "1-0"]
[WhiteElo "2183"]
[BlackElo "2002"]
[PlyCount "83"]
[EventDate "2012.??.??"]
[WhiteTeam "Sfr.Mainz 1928"]
[BlackTeam "SC Idar-Oberstein"]

1. d4 d5 2. Nf3 Nf6 3. e3 c5 4. dxc5 Nc6 5. c4 e6 6. a3 a5 7. cxd5 Qxd5 8. Bd2
Bxc5 9. Nc3 Qd8 10. Bb5 Bd7 11. O-O O-O 12. Qe2 Qe7 13. e4 Nd4 14. Nxd4 Bxd4
15. e5 Bxc3 16. bxc3 Nd5 17. Rfb1 Rfb8 18. Ra2 Bxb5 19. Rxb5 Nc7 20. Rb6 Nd5
21. Rb1 Qc5 22. c4 Nc7 23. a4 Qc6 24. Qg4 Rc8 25. Be3 Ra6 26. h4 Ne8 27. Rc1
Rd8 28. h5 Qc7 29. Qe4 Qc6 30. Qg4 Qc7 31. Qg5 Rd7 32. Rb2 Qc6 33. Rb5 Qe4 34.
h6 g6 35. Rcb1 Qxc4 36. Rxb7 Rxb7 37. Rxb7 Qc2 38. Qd8 Ra8 39. Qxa8 Qd1+ 40.
Kh2 Qh5+ 41. Kg3 Qxe5+ 42. Bf4 1-0

[Event "24.Schlosspark-Open"]
[Site "Wiesbaden-Biebrich"]
[Date "2012.08.24"]
[Round "2.26"]
[White "Willems, Matthias"]
[Black "Commercon, Simon"]
[Result "1/2-1/2"]
[WhiteElo "1998"]
[BlackElo "2176"]
[PlyCount "42"]
[EventDate "2012.??.??"]
[WhiteTeam "SC Bad Nauheim"]
[BlackTeam "SC Pirmasens 1912"]

1. Nf3 d6 2. c4 f5 3. g3 Nf6 4. Nc3 g6 5. Bg2 Bg7 6. O-O O-O 7. Rb1 e5 8. d3 h6
9. b4 g5 10. c5 Nc6 11. Qb3+ Kh8 12. cxd6 cxd6 13. b5 Ne7 14. Nd2 Ng6 15. Ba3
h5 16. Nc4 Ne8 17. Bb4 Rg8 18. Bd5 Rf8 19. Bg2 Rf6 20. Qa3 Re6 21. Bd5 Rf6
1/2-1/2